<?xml version="1.0" encoding="UTF-8"?>
<record
    xmlns:xsi="http://www.w3.org/2001/XMLSchema-instance"
    xsi:schemaLocation="http://www.loc.gov/MARC21/slim http://www.loc.gov/standards/marcxml/schema/MARC21slim.xsd"
    xmlns="http://www.loc.gov/MARC21/slim">

  <leader>00750nas a22002177c 4500</leader>
  <datafield tag="999" ind1=" " ind2=" ">
    <subfield code="c">6992</subfield>
    <subfield code="d">6992</subfield>
  </datafield>
  <controlfield tag="003">OSt</controlfield>
  <controlfield tag="005">20231121113526.0</controlfield>
  <controlfield tag="008">170123c20119999sp ar pso     0   b0spa|d</controlfield>
  <datafield tag="022" ind1="0" ind2=" ">
    <subfield code="a">1989-7324</subfield>
    <subfield code="l">1889-9471</subfield>
  </datafield>
  <datafield tag="040" ind1=" " ind2=" ">
    <subfield code="c">CDMR</subfield>
    <subfield code="b">cat</subfield>
  </datafield>
  <datafield tag="130" ind1="3" ind2=" ">
    <subfield code="a">La Sociedad en red (Internet)</subfield>
  </datafield>
  <datafield tag="245" ind1="1" ind2="3">
    <subfield code="a">La Sociedad en red</subfield>
    <subfield code="b">: informe anual</subfield>
    <subfield code="h">[Recurs electr&#xF2;nic] </subfield>
  </datafield>
  <datafield tag="260" ind1=" " ind2=" ">
    <subfield code="a">Madrid</subfield>
    <subfield code="b">Red.es, ontsi</subfield>
    <subfield code="c">20011-</subfield>
  </datafield>
  <datafield tag="310" ind1=" " ind2=" ">
    <subfield code="a">Anual</subfield>
  </datafield>
  <datafield tag="362" ind1="0" ind2=" ">
    <subfield code="a">2011-</subfield>
  </datafield>
  <datafield tag="650" ind1="0" ind2="4">
    <subfield code="a">Tecnologia de la informaci&#xF3;</subfield>
    <subfield code="9">3508</subfield>
    <subfield code="x">Aspectes socials</subfield>
  </datafield>
  <datafield tag="650" ind1="0" ind2="4">
    <subfield code="a">Societat de la informaci&#xF3;</subfield>
    <subfield code="9">3156</subfield>
  </datafield>
  <datafield tag="710" ind1="2" ind2=" ">
    <subfield code="a">Red.es</subfield>
    <subfield code="b">Observatorio Nacional de las Telecomunicaciones y de la Sociedad de la Informaci&#xF3;n</subfield>
  </datafield>
  <datafield tag="856" ind1="4" ind2="0">
    <subfield code="u">https://www.ontsi.es/es/publicaciones</subfield>
    <subfield code="z">Acc&#xE9;s en l&#xED;nia</subfield>
  </datafield>
  <datafield tag="942" ind1=" " ind2=" ">
    <subfield code="2">udc</subfield>
    <subfield code="c">SER-E</subfield>
  </datafield>
  <datafield tag="952" ind1=" " ind2=" ">
    <subfield code="0">0</subfield>
    <subfield code="1">0</subfield>
    <subfield code="4">0</subfield>
    <subfield code="7">0</subfield>
    <subfield code="a">CDMR</subfield>
    <subfield code="b">CDMR</subfield>
    <subfield code="d">2017-01-23</subfield>
    <subfield code="l">0</subfield>
    <subfield code="r">2017-01-23</subfield>
    <subfield code="w">2017-01-23</subfield>
    <subfield code="y">SER-E</subfield>
  </datafield>
</record>
